| 000 | 00942nam a2200229Ii 4500 | ||
|---|---|---|---|
| 003 | JO-AjNU | ||
| 008 | 230605s9999||||xx |||||||||||||| ||und|| | ||
| 017 | _a1994/8771 | ||
| 020 | _a977-10-0711-4 | ||
| 040 |
_aJO-AjNU _bara _erda _cJO-AjNU |
||
| 041 | _aara | ||
| 050 | 1 | 4 | _aGV567.5.F312 1994 |
| 100 | 3 |
_a تحرير ميللر، نوربرت؛ ترجمة الخولي، أمين, _eauthor _913046 |
|
| 245 | 0 | 0 | _aاللعب النظيف للجميع: اللجنة الدولية للعب النظيف CIFP مع نص الاعلان الدولي للعب النظيف |
| 264 | 3 | 1 | _aالقاهرة: دار الفكر العربي، 1994 |
| 300 |
_a50ص _bصور توضبحية |
||
| 336 |
_atext _btxt _2rdacontent |
||
| 337 |
_aunmediated _bn _2rdamedia |
||
| 338 |
_avolume _bnc _2rdacarrier |
||
| 490 | 0 | _aسلسلة الفكر العربي في التربية الرياضية؛ 5 | |
| 650 | 4 |
_aالاخلاق الرياضية _913047 |
|
| 999 |
_aA3145 _c6713 _d6713 |
||